Ferenc Fricsay
| Titel: | Ferenc Fricsay : der Dirigent als Musiker / Peter Sühring |
|---|---|
| Verfasser: | |
| Veröffentlicht: | München : edition text + kritik, [2023] |
| Umfang: | 200 Seiten : Illustrationen |
| Format: | Buch |
| Sprache: | Deutsch |
| Schriftenreihe/ mehrbändiges Werk: |
SOLO Porträts und Profile |
| RVK-Notation: | |
| ISBN: | 9783967078152 ; 3967078159 |
| Hinweise zum Inhalt: |
Inhaltsverzeichnis
|
alg: 51171199 001A $03004:18-09-23 001B $03024:12-02-25 $t11:53:21.000 001D $03004:18-09-23 001U $0utf8 001X $00 002@ $0Aau 002C $aText $btxt $2rdacontent 002D $aohne Hilfsmittel zu benutzen $bn $2rdamedia 002E $aBand $bnc $2rdacarrier 003@ $0511711999 003O $01380745831 $aOCoLC 004A $A978-3-96707-815-2 004A $03-96707-815-9 004K $09783967078152 006C $01380745831 $aOCoLC 006G $01271379732 006H $0TOCNEUA2413 $2DNB 006L $01820566129 $2KXP 006T $022,N44 006U $024,A45 $f20221027 007A $01271379732 $aDNB 009P $qapplication/pdf $A2 $3Inhaltsverzeichnis $uhttps://d-nb.info/1271379732/04 $mB:DE-101 010@ $ager 011@ $a2023 $n[2023] 013D $RBiograf $RLebenslauf $RBiografik $#Biographies $#Biography $#Biographies -- Histoire et critique $#Biographie $#Biographisches Nachschlagewerk $#Lebensbeschreibung $#Berühmte Persönlichkeit Biografie $#Biografisches Nachschlagewerk $74006804-3 $8Biografie [Ts1] $9085010375 021A $aFerenc Fricsay $dder Dirigent als Musiker $hPeter Sühring 028A $BVerfasser $4aut $7128597135 $8Sühring, Peter$Z1946- [Tp3] $9159075637 033A $pMünchen $nedition text + kritik 034D $a200 Seiten 034M $aIllustrationen 036G $aSOLO Porträts und Profile 037A $aLiteraturverzeichnis S. 191-192 044K $qK10plus $RFricsay, Andreas $RFricsay, Richard $RFricsay, Ferenc $RFricsay, Martha $RTelbisz, Martha $RValeanu, Silvia $#Fricsay, Ferenc $#Fricsay, F. $7118693379 $8Fricsay, Ferenc$Z1914-1963 [Tp1] $9087034190 045E $c780 045F $a780.94390904 $eDDC23BSB 045F/01 $a780.9 045F/03 $f0904 045F/03 $g439 045F/03 $g436 045F/03 $g43 045Z $8LP 95900 [Tkv] $9410144355 047I $aAls Überlebender aus Budapest hat Ferenc Fricsay (1914-1963) seine Erfahrungen des Leids im Zweiten Weltkrieg in ein Vermächtnis humanen Musizierens umgewandelt und einen Fundus historischer Aufnahmen hinterlassen. In seinem Dirigierrepertoire waren Werke Mozarts, Bartóks, Verdis und Strawinskys zentral. Aufgrund des Hörens von Fricsays diskografischer Überlieferung wie der Durchsicht seines Nachlasses werden hier Leben und Wirken des bedeutenden Dirigenten im 20. Jahrhundert neu gesehen lok: 51171199 3 101B $016-02-24 $t13:00:30.000 101C $016-02-24 101U $0utf8 145S/01 $a029 exp: 51171199 3 1 #EPN 201B/01 $016-02-24 $t13:00:30.000 201C/01 $013-02-24 201U/01 $0utf8 203@/01 $0125637458X 208@/01 $a16-02-24 $bzAa 209A/01 $a91.490.72 $du $f000 $h91 490 72 $x00 209G/01 $a91490722 $x00 247C/01 $8601000-3 <30>Frankfurt, Universitätsbibliothek J. C. Senckenberg, Zentralbibliothek (ZB) $9102598258 lok: 51171199 24 exp: 51171199 24 1 #EPN 201B/01 $018-09-23 $t12:03:16.000 201C/01 $018-09-23 201U/01 $0utf8 203@/01 $01243609338 208@/01 $a18-09-23 $bz 209A/01 $aMus 5426 $du $f050 $hMus 5426 $x00 209C/01 $a23.03447 K $h23 03447 K 209G/01 $a74705960 $x00 220C/01 $asbl 247C/01 $8358050-7Marburg, Bibliothek des Herder-Instituts Marburg $9102600961 lok: 51171199 77 101B $012-02-25 $t11:52:29.000 101C $012-02-25 101U $0utf8 145Z/01 $aM 820 Frics exp: 51171199 77 1 #EPN 201B/01 $012-02-25 $t11:52:29.000 201C/01 $012-02-25 201U/01 $0utf8 203@/01 $01292337354 208@/01 $a12-02-25 $bz 209A/01 $aM 820 Frics 001 $du $f000 $x00 209G/01 $a7710153325 $x00 247C/01 $8608078-9 Frankfurt, Main, Hochschule für Musik und Darstellende Kunst, Bibliothek $9321462173 lok: 51171199 204 exp: 51171199 204 1 #EPN 201B/01 $017-12-24 $t13:55:02.000 201C/01 $011-09-24 201U/01 $0utf8 203@/01 $01272971635 208@/01 $a30-09-24 $bzb03 209A/01 $a009 LP 95900 S944 $du $f030 $x00 209G/01 $a64845713 $x00 247C/01 $8631030-8 <26/030>Gießen, Universität Gießen, Zweigbibliothek im Philosophikum II $9116079460
| LEADER | 00000cam a2200000 c 4500 | ||
|---|---|---|---|
| 001 | 511711999 | ||
| 003 | DE-603 | ||
| 005 | 20250212115321.0 | ||
| 007 | tu | ||
| 008 | 230918s2023 xx |||| | u00||u|ger | ||
| 015 | |a 24,A45 |z 22,N44 |2 dnb | ||
| 016 | 7 | |2 DE-101 |a 1271379732 | |
| 020 | |a 9783967078152 | ||
| 020 | |a 3967078159 | ||
| 024 | 3 | |a 9783967078152 | |
| 035 | |a (DE-599)DNB1271379732 | ||
| 035 | |a (DE-627)1820566129 | ||
| 035 | |a (OCoLC)1380745831 | ||
| 040 | |a DE-603 |b ger |c DE-603 |d DE-603 | ||
| 041 | |a ger | ||
| 082 | 0 | 4 | |8 1\u |a 780.94390904 |q DE-101 |2 23/BSB |
| 084 | |a 780 |q DE-101 |2 sdnb | ||
| 084 | |a LP 95900 |0 (DE-625)109049: |0 (DE-603)410144355 |2 rvk | ||
| 085 | |8 1\u |b 780.9 | ||
| 085 | |8 1\u |z 1 |s 0904 | ||
| 085 | |8 1\u |z 2 |s 439 | ||
| 085 | |8 1\u |z 2 |s 436 | ||
| 085 | |8 1\u |z 2 |s 43 | ||
| 100 | 1 | |a Sühring, Peter |d 1946- |e Verfasser |4 aut |0 (DE-603)159075637 |0 (DE-588)128597135 |2 gnd | |
| 245 | 0 | 0 | |a Ferenc Fricsay |b der Dirigent als Musiker |c Peter Sühring |
| 264 | 1 | |a München |b edition text + kritik |c [2023] | |
| 300 | |a 200 Seiten |b Illustrationen | ||
| 336 | |a Text |b txt |2 rdacontent | ||
| 337 | |a ohne Hilfsmittel zu benutzen |b n |2 rdamedia | ||
| 338 | |a Band |b nc |2 rdacarrier | ||
| 490 | 0 | |a SOLO Porträts und Profile | |
| 500 | |a Literaturverzeichnis S. 191-192 | ||
| 520 | |a Als Überlebender aus Budapest hat Ferenc Fricsay (1914-1963) seine Erfahrungen des Leids im Zweiten Weltkrieg in ein Vermächtnis humanen Musizierens umgewandelt und einen Fundus historischer Aufnahmen hinterlassen. In seinem Dirigierrepertoire waren Werke Mozarts, Bartóks, Verdis und Strawinskys zentral. Aufgrund des Hörens von Fricsays diskografischer Überlieferung wie der Durchsicht seines Nachlasses werden hier Leben und Wirken des bedeutenden Dirigenten im 20. Jahrhundert neu gesehen | ||
| 600 | 1 | 7 | |a Fricsay, Ferenc |d 1914-1963 |0 (DE-588)118693379 |0 (DE-603)087034190 |2 gnd |
| 655 | 7 | |a Biografie |2 gnd-content |0 (DE-588)4006804-3 |0 (DE-603)085010375 | |
| 856 | 4 | 2 | |m B:DE-101 |q application/pdf |u https://d-nb.info/1271379732/04 |3 Inhaltsverzeichnis |
| 924 | 0 | |9 30 |a (DE-603)125637458X |b DE-30 |c HES |d c |g 91.490.72 | |
| 924 | 0 | |9 Mb 50 |a (DE-603)1243609338 |b DE-Mb50 |c HES |d c |g Mus 5426 | |
| 924 | 0 | |9 F 78 |a (DE-603)1292337354 |b DE-F78 |c HES |d d |g M 820 Frics 001 | |
| 924 | 0 | |9 26/030 |a (DE-603)1272971635 |b DE-26-030 |c HES |d c |g 009 LP 95900 S944 | |


